Cinémusicographie de Vladimir Cosma en Images - Statistiques

Statistiques générales
  • Ce quiz a été pris 18 fois
  • Le résultat moyen est 12 sur 20
Statistiques - réponses
Par images Réponse % Correct
Le Dîner de Cons
100%
Les aventures de Rabbi Jacob
100%
Astérix et la surprise de César
87%
La Boum
87%
La Chèvre
80%
L'aile ou la cuisse
80%
Le père Noël est une ordure
80%
Le Grand Blond avec une chaussure noire
73%
Les Compères
67%
L'as des as
60%
La gloire de mon père
53%
Banzaï
47%
Inspecteur La Bavure
47%
La Zizanie
47%
Le Jouet
47%
Les Fugitifs
47%
Un éléphant ça trompe énormément
40%
Le coup du parapluie
33%
Les mondes engloutis
20%
L'Animal
7%
Aucun quiz correspondant
Distribution des résultats
% des personnes avec chaque résultat
Percentile par nombre de réponses
Votre historique - résultats
Vous n’avez pas pris ce quiz